Old love letters : (Record no. 18059)

MARC details
000 -LEADER
fixed length control field 00702cam a22002171i 4500
001 - CONTROL NUMBER
control field ca 36000289
003 - CONTROL NUMBER IDENTIFIER
control field DLC
005 - DATE AND TIME OF LATEST TRANSACTION
control field 20260227111140.0
008 - FIXED-LENGTH DATA ELEMENTS--GENERAL INFORMATION
fixed length control field 770215s1936 nyu 000 0 eng
010 ## - LIBRARY OF CONGRESS CONTROL NUMBER
LC control number ca 36000289
035 ## - SYSTEM CONTROL NUMBER
System control number (OCoLC)2741121
040 ## - CATALOGING SOURCE
Original cataloging agency DLC
Transcribing agency MNoW
Modifying agency DLC
042 ## - AUTHENTICATION CODE
Authentication code premarc
050 00 - LIBRARY OF CONGRESS CALL NUMBER
Classification number PS2014.H12
Item number O5 1936
082 ## - DEWEY DECIMAL CLASSIFICATION NUMBER
Classification number 812.4
100 1# - MAIN ENTRY--PERSONAL NAME
Personal name Howard, Bronson,
Dates associated with a name 1842-1908.
245 10 - TITLE STATEMENT
Title Old love letters :
Remainder of title a play in one act /
Statement of responsibility, etc. by Bronson Howard ; adapted and arranged for production by Garrett H. Leverton.
260 ## - PUBLICATION, DISTRIBUTION, ETC.
Place of publication, distribution, etc. New York :
Name of publisher, distributor, etc. French,
Date of publication, distribution, etc. 1936.
300 ## - PHYSICAL DESCRIPTION
Extent 35 p. (1 leaf of plates) :
Other physical details ill. ;
Dimensions 19 cm.
700 1# - ADDED ENTRY--PERSONAL NAME
Personal name Leverton, Garrett H.
Fuller form of name (Garrett Hasty),
Dates associated with a name 1896-1949.

No items available.

Powered by Koha